| 000 | 00608nam a2200229Ia 4500 | ||
|---|---|---|---|
| 003 | OSt | ||
| 005 | 20220916111008.0 | ||
| 006 | a|||||r|||| 00| 0 | ||
| 007 | ta | ||
| 008 | 220915b |||||||| |||| 00| 0 mal d | ||
| 024 | _a90,682 | ||
| 037 | _cTextbook | ||
| 040 |
_bmal _aARTS _cARTS |
||
| 041 | _amal | ||
| 082 | _aO32,1M71,11:g, L3 | ||
| 100 | _aDaniel K.M. Au. | ||
| 245 | 0 | _aNavachakravalam: Naliniyllum mattum | |
| 260 | _c1973 | ||
| 650 | _aMALAYALAM LITERATURE; MALAYALAM POETRY | ||
| 942 |
_hO32,1M71,11:g, L3 _cTB _2CC |
||
| 999 |
_c102916 _d102916 |
||